| 000 | 01030nac a22002651u 4500 | ||
|---|---|---|---|
| 999 |
_c8999 _d8999 |
||
| 003 | EG-ScBUE | ||
| 005 | 20200129123304.0 | ||
| 008 | 200129s2002 ua a f 000 0 ara d | ||
| 020 | _a9772872706 | ||
| 040 |
_aEG-ScBUE _bara _erda _cEG-ScBUE _dEG-ScBUE |
||
| 082 | 0 | 4 |
_a005.133 _bع ز ب _222 |
| 100 | 1 | _aAzab, Azab Mohamed | |
| 245 | 1 | 2 |
_aالطريق إلى احتراف لغة Java / _cم. عزب محمد عزب، م. مصطفى ماجد، م. قدري طلعت حسين. |
| 264 | 1 |
_aالقاهرة : _bدار الكتب العلمية للنشر والتوزيع، _c2002. |
|
| 300 |
_a600 صفحة : _bإيضاحيات ؛ _c24 سم |
||
| 336 |
_2rdacontent _aنص _btxt |
||
| 337 |
_2rdamedia _aبدون وسيط _bn |
||
| 338 |
_2rdacarrier _aمجلد _bnc |
||
| 650 | 7 |
_aجافا (لغة برمجة) _2BUEsh |
|
| 653 |
_bGGEN _cJanuary2020 |
||
| 655 | _vReading book | ||
| 700 | 1 |
_aماجد، مصطفى، _eمؤلف. |
|
| 700 | 1 |
_aحسين، قدري طلعت، _eمؤلف. |
|
| 942 |
_cBB _k005.133 ع ز ب _2ddc |
||